| 000 | 00399nam a2200133Ia 4500 | ||
|---|---|---|---|
| 008 | 220204s9999 xx 000 0 und d | ||
| 020 | _a8185116466 | ||
| 082 |
_a631.86:01 _bTAN |
||
| 100 | _aTandon, H L S | ||
| 245 | 0 | _aOrganic recycling and biofertilisation in South Asia | |
| 260 |
_aNew Delhi _bFertilizer Development & Consultation Organization _c2001 |
||
| 650 | _aVermicomposing | ||
| 942 | _cBK | ||
| 999 |
_c41877 _d41877 |
||